000 00224nam a22000977a 4500
008 230703b xxu||||| |||| 00| 0 eng d
082 _a342.417
_bIRE
245 _aConstitution of Ireland
300 _aXV,235p
942 _2ddc
_cBK
999 _c3536
_d3536